THE INTERNATIONAL PHARMACOPOEIA (Record no. 12118)

MARC details
000 -LEADER
fixed length control field 00351nam a22001457a 4500
003 - CONTROL NUMBER IDENTIFIER
control field OSt
008 - FIXED-LENGTH DATA ELEMENTS--GENERAL INFORMATION
fixed length control field 231018b |||||||| |||| 00| 0 eng d
020 ## - INTERNATIONAL STANDARD BOOK NUMBER
International Standard Book Number 9788123912479
100 ## - MAIN ENTRY--PERSONAL NAME
Personal name WORLD HEALTH ORGANIZATION
245 ## - TITLE STATEMENT
Title THE INTERNATIONAL PHARMACOPOEIA
250 ## - EDITION STATEMENT
Edition statement 3rd
260 ## - PUBLICATION, DISTRIBUTION, ETC. (IMPRINT)
Place of publication, distribution, etc New.Delhi
Name of publisher, distributor, etc CBS PUB.
Date of publication, distribution, etc 1991
300 ## - PHYSICAL DESCRIPTION
Extent 223
942 ## - ADDED ENTRY ELEMENTS (KOHA)
Source of classification or shelving scheme Dewey Decimal Classification
Koha item type Reference Books
Holdings
Withdrawn status Lost status Source of classification or shelving scheme Damaged status Not for loan Collection code Home library Current library Date acquired Source of acquisition Currency Cost, normal purchase price Serial Enumeration / chronologySerial Enumeration / Volume No. Bill Number Total Checkouts Full call number Acc. no. / Barcode Date last seen Actual Cost, discounted price Bill Date Koha item type
    Dewey Decimal Classification     B.Pharma PIET C-LIBRARY PIET C-LIBRARY 14/10/2023 KIRTI PRAKSHAN RUPEES 495.00 1 IN-1041   615.11 WHT BP2319 18/10/2023 321.75 05/10/2023 Reference Books

Design & Developed by: PIET Central Library
R70 Miles Stone Pattikalyana Samalkha Panipat 132102
mail ID :- [email protected], Phone No:- 0180-2569700 Ex.216